| 000 -LEADER |
| fixed length control field |
00353nam a22001457a 4500 |
| 003 - CONTROL NUMBER IDENTIFIER |
| control field |
OSt |
| 005 - DATE AND TIME OF LATEST TRANSACTION |
| control field |
20200626160516.0 |
| 008 - FIXED-LENGTH DATA ELEMENTS--GENERAL INFORMATION |
| fixed length control field |
200626b ||||| |||| 00| 0 eng d |
| 020 ## - INTERNATIONAL STANDARD BOOK NUMBER |
| International Standard Book Number |
9783866540316 |
| 082 ## - DEWEY DECIMAL CLASSIFICATION NUMBER |
| Classification number |
729 |
| Item number |
LIN |
| 100 ## - MAIN ENTRY--PERSONAL NAME |
| Personal name |
Linz, Barbara |
| 245 ## - TITLE STATEMENT |
| Title |
Science spaces : architecture & design |
| 260 ## - PUBLICATION, DISTRIBUTION, ETC. (IMPRINT) |
| Place of publication, distribution, etc |
New York |
| Name of publisher, distributor, etc |
Daab Pub |
| Date of publication, distribution, etc |
2008 |
| 942 ## - ADDED ENTRY ELEMENTS (KOHA) |
| Source of classification or shelving scheme |
|